000 00614cam a22002293a 4500
001 15545
003 PGUSA
005 20140828083331.0
008 050404s2005||||xxu|||||s|||||000 | eng d
040 _aPGUSA
_beng
042 _adc
050 4 _aBP
100 1 _aBesant, Annie,
_d1847-1933
245 1 4 _aThe Basis of Morality
_h[electronic resource] /
_cAnnie Besant
260 _bProject Gutenberg,
_c2005
506 _aPublic domain in the USA.
516 _aElectronic text
653 _aTheosophy
830 0 _aProject Gutenberg
_v15545
856 4 0 _uhttp://www.gutenberg.org/ebooks/15545
942 _cEB
999 _c244800
_d244800